00990nam a2200229 i 450000100060000000300090000600500170001500700030003200800410003510000270007624502780010326000480038130000220042965000440045165000240049570000270051970000270054670000280057385200210060199900170062295201210063977234ES-MaACL20260215162910.0t|041007s1913 fr ||||1| fre d1 aHamaide, Emile.96163514aLes régimes alimentaires dans les maladies des voies digestives et de la nutrition / cpar Hamaide et Nigay ; avec notices hydrologiques complémentaire sur les maladies des voies digestives, d'après Albert Mathieu, sur les maladies de la nutrition par Marcel Labbé. aParis : bE. Bougault, c[1913] (fA. Davy) a192 p. ; c18 cm.04aAparato digestivo-xEnfermedades.9990604aNutrición.9156501 aNigay, Antoine.9857351 aMathieu, Albert9790421 aLabbé, Marcel.969227 aES-MaACLjF-1345 c77234d77234 00104070aATENEOMbATENEOMcDEPO2d2008-01-17eSCl0oF-1345p1080809r2023-02-23 00:00:00w2023-02-23yMONOGRAFIA